00569 2200181 4500245007600000020002200076250001100098100001700109700002600126650001600152005001900168260004100187041001400228084000800242300002300250500010500273336000900378 aHigh School Musical #5 b : Stories From East HighcGrace, N. B.hText a978-979-27-5226-7 aCet. 1 aGrace, N. B. aTheresia Widiningtyas aNovel Fiksi a20231005075818 aJakartabElex Media Komputindoc2007 aIndonesia a813 a112 hlm. :c20 cm. aTroy, Gabriela, Chad, taylor, sharpay, dan ryan bertolak ke kota new york dalam sebuah karya wisata! atext